History Quiz

Random History or Nation Quiz

Buildings of the Roman Empire Quiz Stats

 Plays Quiz not verified by Sporcle

Challenge
Share
Tweet
Embed
Score 0/8 Timer 05:00
0 Plays Today
Hint Building % Correct
Elliptical Amphitheatre built for gladitorial contests and public spectaclesColiseum
86.4%
Center of Public and Government Activity in RomeRoman Forum
79.1%
Chariot Racing and Entertainment VenueCircus Maximus
76%
Temple to all the gods of Ancient Rome, and rebuilt by Emperor Hadrian in about 126 ADPantheon
76%
Underground burial places under or near Rome, Italy. Satisfied the need for persecuted Christians to bury their dead secretly.Catacombs
60.9%
Public Baths and Leisure Center build during the reign of Emperor CaracallaBaths of Caracalla
31%
Large landscaped portico villa, designed to take advantage of artificially created landscapes built in the heart of Ancient Rome by the Emperor Nero after the Great Fire of Rome Domus Aurea
26.7%
Original Senate House of the Roman RepublicCuria Hostilia
10.1%

You're not logged in!

Compare scores with friends on all Sporcle quizzes.
OR
Log In

You Might Also Like...

Show Comments

Extras

Created Apr 4, 2010ReportNominate
Tags:Nation Quiz, building, empire, roman

Top Quizzes Today


Score Distribution

Your Account Isn't Verified!

In order to create a playlist on Sporcle, you need to verify the email address you used during registration. Go to your Sporcle Settings to finish the process.

Report this User

Report this user for behavior that violates our Community Guidelines.

Details: